000 00840nam a22002537a 4500
001 BR8305225
003 BR-BrBNA
005 20230928091757.0
007 ta
008 230509b bl.||||| |||| 00| 0 por d
040 _aBR-BrBNA
_bpor
_cBiblioteca Nacional de Agricultura
041 _a(Por)
072 _aC00; E10
_b/G514
090 _ C00 BR8305225
110 1 _aFundacao Centro Estadual de Planejamento Agricola, Salvador, BA (Brasil)
_94810
245 1 _aProgramacao da CEPA para 1984. Sintese [Fundacao Centro Estadual de Planejamento Agricola, Bahia, Brasil]
260 3 _aSalvador, BA (Brasil):
_c1983.
300 _a15 p.
500 _a8 tables. (*) Documento disponível na(o) BEAGRI, Salvador, BA (Brazil)
650 _aPLANEJAMENTO AGRICOLA
650 _aBAHIA
909 _a202309
_bLucia
_c55
_dLucia Elande
942 _cBK
999 _c35480
_d35480